000 00651cam a22002171 4500
001 sa 66000267
003 DLC
005 20260227112214.0
008 720218s1964 xx 000 0 eng
010 _asa 66000267
035 _a(OCoLC)244901
040 _aDLC
_cOYesA
_dOCoLC
_dDLC
042 _apremarc
050 0 0 _aDS430
_b.E52 1964a
100 1 _aElwin, Verrier,
_d1902-1964.
245 1 4 _aThe tribal world of Verrier Elwin;
_ban autobiography.
260 _a[Bombay]
_bIndian Branch, Oxford University Press,
_c1964.
300 _axii, 356 p.
_billus., ports.
_c23 cm.
650 0 _aEthnology
_zIndia.
600 1 0 _aElwin, Verrier,
_d1902-1964.
999 _c67163
_d67163